La pintura italiana del Renacimiento /

সংরক্ষণ করুন:
গ্রন্থ-পঞ্জীর বিবরন
প্রধান লেখক: Encina, Juan de la (autor)
বিন্যাস: গ্রন্থ
ভাষা:স্প্যানিশ
প্রকাশিত: México : Fondo de Cultura Económica, 1969, c1964
সংস্করন:3a edición
মালা:(Breviarios ; 9)
বিষয়গুলি:
ট্যাগগুলো: ট্যাগ যুক্ত করুন
কোনো ট্যাগ নেই, প্রথমজন হিসাবে ট্যাগ করুন!

MARC

LEADER 00000nam^a2200000^a^4500
001 000000514
005 20250521000000.0
009 20260310083032.131
037 |a Acervo ITESO - Biblioteca 
041 |a ESP 
082 |a 082.  |b BRE V. 9 
100 |a Encina, Juan de la  |e (autor) 
245 1 3 |a La pintura italiana del Renacimiento /  |c J. de la Encina. 
250 |a 3a edición 
264 4 |a México :  |b Fondo de Cultura Económica,  |c 1969, c1964 
300 |a 233 p. 
336 |a texto  |b txt  |2 rdacontenido 
337 |a sin mediación  |b n  |2 rdamedio 
338 |a volumen  |b nc  |2 rdasoporte 
440 1 |a (Breviarios ;  |v 9) 
649 |a XX 
650 |a Pintura Renacentista -  |x Historia y Crítica -  |x Tema Principal 
650 |a Pintura Italiana -  |x Historia y Crítica -  |x Tema Principal 
650 |a Arte Renacentista -  |x Historia y Crítica 
650 |a Arte Italiano -  |x Historia y Crítica 
910 |a Fondo General 
920 |a Impresos - Libros 
930 |a Colección General 
905 |a 101 
901 |a 0005140100  |b IT1  |c ACC  |i 000514  |u 20250521 
901 |a 0005140200  |b IT1  |c ACC  |i 900597  |u 20250521 
902 |a https://opac.biblio.iteso.mx/vufind/Record/000000514